000 00257nam a2200109Ia 4500
008 220204s9999 xx 000 0 und d
082 _a82-3
_bHIG
100 _aHiggins, Jack
245 4 _aThe Keys of hell
260 _aGreenwich
_bFawcett
_c1965
942 _cBK
999 _c33431
_d33431